| 000 | 01329nam a22002537a 4500 | ||
|---|---|---|---|
| 003 | Uzh_bibl | ||
| 008 | 260325b |||||||| |||| 00| 0 ukr d | ||
| 020 |
_a978-617-7537-73-0 _c57.00 |
||
| 040 | _bукр. | ||
| 041 |
_2fre _aukr |
||
| 080 | _a821(44) | ||
| 090 |
_a821(44) _bГ 79 |
||
| 100 | _aГребан,Квентін | ||
| 245 |
_aКим я мрію бути ? _cпер.з фран.М.Марченко _hТекст |
||
| 260 |
_aКиїв _bКонві принт _c2020 |
||
| 300 |
_a32 с. _bіл. _fВ опр. |
||
| 520 | _aВчителька у школі розпитує учнів, ким вони хочуть бути, коли виростуть. Хтось мріє стати машиністом, хтось лікаркою, хтось поліцейським. А ось Уля поки не знає відповіді на це питання Книжка допоможе налагодити з дитиною діалог про важливе питання — вибір майбутньої професії! | ||
| 521 | _aДля молодшого шкільного віку | ||
| 546 | _aукр. | ||
| 650 | _aЛітературно-художне видання | ||
| 653 |
_aВибір професії _aМрії |
||
| 655 | _aДитяча література | ||
| 942 |
_2udc _cBK |
||
| 999 |
_c17181 _d17181 |
||